000 00963nam a2200205 a 4500
008 120416s1991 ||||||||||||||||| || u
020 _a0442313462
050 _aHD 1382.5 Bro
100 _aBrown, Gerald Roderick, 1944-
245 1 0 _aProperty investment and the capital markets
260 _aLondon
_bE & FN Spon
_c1991
300 _axv, 312p. : ill
350 _a0.00
650 _aREAL PROPERTY
650 _aPROPERTY INVESTMENT
650 _aCAPITAL INVESTMENTS
995 _aBINDERY (DAMAGED)
_D0.00
_e727089
_FCBU-MAIN LIBRARY (Kitwe)
_H2
_I37.50
_jHD 1382.5 Bro
_M3
_UDAMAGED
_y018727
_ZMain Library Open Access Collection
995 _aMAIN LIBRARY OPEN ACCESS
_D0.00
_e725818
_FCBU-MAIN LIBRARY (Kitwe)
_H1
_I37.50
_jHD 1382.5 Bro
_M1
_ULOST
_VMar 11, 2013
_y004794
_ZMain Library Open Access Collection
995 _aMAIN LIBRARY OPEN ACCESS
_D0.00
_e725817
_FCBU-MAIN LIBRARY (Kitwe)
_H3
_I37.50
_jHD 1382.5 Bro
_M2
_UAVAILABLE
_y004795
_ZMain Library Open Access Collection
999 _c77102
_d77102